000 00676cam a22002411 4500
001 16558
003 BD-RjUL
005 20211209000026.0
008 140213s1955 enka 000 0 eng d
035 _a(BD-RjUL)16613
035 _a(OCoLC)4844268
040 _aDLC
_cNCaS
_dUk
_dDLC
_dBD-RjUL
_beng
041 _aeng
082 0 0 _a915.42
_bBAK 1955
100 1 _aBauer, Paul,
_d1896-
_951176
245 1 0 _aKanchenjunga challenge /
_cForeword by Sir John Hunt.
260 _aLondon :
_bW. Kimber,
_cc1955
300 _a202 p. :
_billus. ;
_c24 cm.
651 0 _aKānchenjunga (Nepal and India)
_951177
942 _2ddc
_cBK
999 _c16558
_d16558